Central Library OPAC University of Rajshahi

Chordate zoology and elements of Animal Physiology / (Record no. 75041)

MARC details
000 -LEADER
fixed length control field 00753nam a2200253 4500
001 - CONTROL NUMBER
control field 75041
003 - CONTROL NUMBER IDENTIFIER
rucl marc code BD-RjUL
005 - DATE AND TIME OF LATEST TRANSACTION
control field 20211209082633.0
008 - FIXED-LENGTH DATA ELEMENTS--GENERAL INFORMATION
fixed length control field 190113r19831981i a|||| i||| 001 0 eng d
035 ## - SYSTEM CONTROL NUMBER
System control number (BD-RjUL)75259
040 ## - CATALOGING SOURCE
Original cataloging agency BD-RjUL
Language of cataloging eng
Transcribing agency BD-RjUL
041 ## - LANGUAGE CODE
Language code of text/sound track or separate title eng
082 ## - DEWEY DECIMAL CLASSIFICATION NUMBER
Edition number 23
Classification number 571.16
Author mark and year JOC 1981
245 10 - TITLE STATEMENT
Title Chordate zoology and elements of Animal Physiology /
Statement of responsibility, etc. E L Jordan; P S Verma
250 ## - EDITION STATEMENT
Edition statement Fifth revised and enlarged edition
260 ## - PUBLICATION, DISTRIBUTION, ETC. (IMPRINT)
Place of publication, distribution, etc. New Delhi :
Name of publisher, distributor, etc. S. Chand ,
Date of publication, distribution, etc. 1976,1983 [reprinted 1977]
300 ## - PHYSICAL DESCRIPTION
Pagination xii, 1151 p. :
Illustrations Ill. ;
Size 22
500 ## - GENERAL NOTE
General note Includes Index
650 ## - SUBJECT ADDED ENTRY--TOPICAL TERM
Topical term or geographic name as entry element Chordata
9 (RLIN) 226903
Topical term or geographic name as entry element Chordata
Form subdivision Anatomy
9 (RLIN) 226904
Topical term or geographic name as entry element Zoology
9 (RLIN) 226905
Topical term or geographic name as entry element Physiology
9 (RLIN) 226906
942 ## - ADDED ENTRY ELEMENTS (KOHA)
Source of classification or shelving scheme Dewey Decimal Classification
Koha item type Books
Holdings
Lost status Source of classification or shelving scheme Damaged status Not for loan Collection code Permanent Location Current Location Shelving location Date acquired Source of acquisition Cost, normal purchase price Total Checkouts Full call number Date last seen Copy number Koha item type
  Dewey Decimal Classification   Not For Loan Non-fiction Central Library, University of Rajshahi Central Library, University of Rajshahi Reading Room 24/07/1983 Aligarh Libraty Rajshahi 120.00   571.16 JOC 1981 13/01/2019 C-1 Books
  Dewey Decimal Classification       Central Library, University of Rajshahi Central Library, University of Rajshahi   13/01/2019       571.16 JOC 1983 13/01/2019   Books
  Dewey Decimal Classification     Non-fiction Central Library, University of Rajshahi Central Library, University of Rajshahi   07/04/1980 Calcutta, K.P. Bagchi & co. 25.00   571.16 JOC 1977 28/01/2019 C-2 Books